<?xml version="1.0" encoding="UTF-8"?>
<record
    xmlns:xsi="http://www.w3.org/2001/XMLSchema-instance"
    xsi:schemaLocation="http://www.loc.gov/MARC21/slim http://www.loc.gov/standards/marcxml/schema/MARC21slim.xsd"
    xmlns="http://www.loc.gov/MARC21/slim">

  <leader>01430cam a2200361 a 4500</leader>
  <controlfield tag="001">587720</controlfield>
  <controlfield tag="003">OSt</controlfield>
  <controlfield tag="005">20140310184353.0</controlfield>
  <controlfield tag="008">900516r1990    ctua          001 1 eng  </controlfield>
  <datafield tag="010" ind1=" " ind2=" ">
    <subfield code="a">   90156548 </subfield>
  </datafield>
  <datafield tag="020" ind1=" " ind2=" ">
    <subfield code="a">0345339738</subfield>
  </datafield>
  <datafield tag="040" ind1=" " ind2=" ">
    <subfield code="a">DLC</subfield>
    <subfield code="c">DLC</subfield>
    <subfield code="d">OCoLC</subfield>
  </datafield>
  <datafield tag="050" ind1="0" ind2="0">
    <subfield code="a">PR 6039.O32</subfield>
    <subfield code="b">.T649 1955</subfield>
  </datafield>
  <datafield tag="100" ind1="1" ind2=" ">
    <subfield code="a">Tolkien, J. R. R.</subfield>
    <subfield code="q">(John Ronald Reuel),</subfield>
    <subfield code="d">1892-1973.</subfield>
    <subfield code="9">25311</subfield>
  </datafield>
  <datafield tag="245" ind1="1" ind2="4">
    <subfield code="a">The return of the king :</subfield>
    <subfield code="b">being the third part of the the lord of the rings /</subfield>
    <subfield code="c">J.R.R. Tolkien</subfield>
  </datafield>
  <datafield tag="260" ind1=" " ind2=" ">
    <subfield code="a">New York, NY :</subfield>
    <subfield code="b">Scholastic Inc.,</subfield>
    <subfield code="c">1955.</subfield>
  </datafield>
  <datafield tag="300" ind1=" " ind2=" ">
    <subfield code="a">490 p. :</subfield>
    <subfield code="c">18 cm.</subfield>
  </datafield>
  <datafield tag="490" ind1="1" ind2=" ">
    <subfield code="a">The Lord of the rings / J.R.R. Tolkien ;</subfield>
    <subfield code="v">pt. 3</subfield>
  </datafield>
  <datafield tag="500" ind1=" " ind2=" ">
    <subfield code="a">"Reprinted with tne permission of the publisher, Houghton Mifflin Company"--T.p. verso.</subfield>
  </datafield>
  <datafield tag="500" ind1=" " ind2=" ">
    <subfield code="a">Includes index.</subfield>
  </datafield>
  <datafield tag="500" ind1=" " ind2=" ">
    <subfield code="a">One col. map on folded sheet inserted.</subfield>
  </datafield>
  <datafield tag="521" ind1=" " ind2=" ">
    <subfield code="a">G8</subfield>
  </datafield>
  <datafield tag="526" ind1=" " ind2=" ">
    <subfield code="c">920</subfield>
  </datafield>
  <datafield tag="650" ind1=" " ind2="0">
    <subfield code="a">Baggins, Frodo (Fictitious character)</subfield>
    <subfield code="x">Fiction.</subfield>
    <subfield code="9">25312</subfield>
  </datafield>
  <datafield tag="650" ind1=" " ind2="0">
    <subfield code="a">Middle Earth (Imaginary place)</subfield>
    <subfield code="x">Fiction.</subfield>
    <subfield code="9">25313</subfield>
  </datafield>
  <datafield tag="655" ind1=" " ind2="7">
    <subfield code="a">Fantasy fiction.</subfield>
    <subfield code="2">gsafd</subfield>
    <subfield code="9">3053</subfield>
  </datafield>
  <datafield tag="800" ind1="1" ind2=" ">
    <subfield code="a">Tolkien, J. R. R.</subfield>
    <subfield code="q">(John Ronald Reuel),</subfield>
    <subfield code="d">1892-1973.</subfield>
    <subfield code="t">Lord of the rings (1990) ;</subfield>
    <subfield code="v">pt. 3.</subfield>
    <subfield code="9">25314</subfield>
  </datafield>
  <datafield tag="906" ind1=" " ind2=" ">
    <subfield code="a">7</subfield>
    <subfield code="b">cbc</subfield>
    <subfield code="c">orignew</subfield>
    <subfield code="d">2</subfield>
    <subfield code="e">ncip</subfield>
    <subfield code="f">19</subfield>
    <subfield code="g">y-gencatlg</subfield>
  </datafield>
  <datafield tag="942" ind1=" " ind2=" ">
    <subfield code="2">lcc</subfield>
    <subfield code="c">BK-SCHOLAS</subfield>
  </datafield>
  <datafield tag="999" ind1=" " ind2=" ">
    <subfield code="c">33969</subfield>
    <subfield code="d">33969</subfield>
  </datafield>
  <datafield tag="952" ind1=" " ind2=" ">
    <subfield code="0">0</subfield>
    <subfield code="1">0</subfield>
    <subfield code="2">lcc</subfield>
    <subfield code="4">0</subfield>
    <subfield code="a">LUX</subfield>
    <subfield code="b">LUX</subfield>
    <subfield code="c">SCHO</subfield>
    <subfield code="d">2013-10-07</subfield>
    <subfield code="l">0</subfield>
    <subfield code="o">PR 6039.O32 .T649 1955</subfield>
    <subfield code="p">LEX0789</subfield>
    <subfield code="r">2017-04-18 00:00:00</subfield>
    <subfield code="t">1</subfield>
    <subfield code="w">2013-10-07</subfield>
    <subfield code="y">BK</subfield>
  </datafield>
  <datafield tag="952" ind1=" " ind2=" ">
    <subfield code="0">0</subfield>
    <subfield code="1">0</subfield>
    <subfield code="2">lcc</subfield>
    <subfield code="4">0</subfield>
    <subfield code="a">LUX</subfield>
    <subfield code="b">LUX</subfield>
    <subfield code="c">SCHO</subfield>
    <subfield code="d">2013-10-11</subfield>
    <subfield code="l">0</subfield>
    <subfield code="o">PR 6039.O32 .T649 1955</subfield>
    <subfield code="p">LEX1779</subfield>
    <subfield code="r">2017-04-18 00:00:00</subfield>
    <subfield code="t">2</subfield>
    <subfield code="w">2013-10-11</subfield>
    <subfield code="y">BK</subfield>
  </datafield>
  <datafield tag="952" ind1=" " ind2=" ">
    <subfield code="0">0</subfield>
    <subfield code="1">0</subfield>
    <subfield code="2">lcc</subfield>
    <subfield code="4">0</subfield>
    <subfield code="a">LUX</subfield>
    <subfield code="b">LUX</subfield>
    <subfield code="c">SCHO</subfield>
    <subfield code="d">2013-10-11</subfield>
    <subfield code="l">0</subfield>
    <subfield code="o">PR 6039.O32 .T649 1955</subfield>
    <subfield code="p">LEX2723</subfield>
    <subfield code="r">2017-04-18 00:00:00</subfield>
    <subfield code="t">1</subfield>
    <subfield code="w">2013-10-11</subfield>
    <subfield code="y">BK</subfield>
  </datafield>
</record>
